00611nam a2200205 a 4500001001300000003000900013005001700022008004100039020002300080082002000103100002100123245007100144260003300215300001000248500003500258505005100293650001800344650002200362700002100384nice12345678IN_TiNIC20260116013339.0050524s1984 goaa grp 000 0 eng  a8190022 c15000a500.80297bSAR1 aSardar, Ziauddin aTouch of Midasb Science, Values and Environment in Islam and West aGoabOther India Pressc1984 a2534p aincludes index and biblioraphy2 aBibliography, Sources, Glossary, Abbreviations aEcology-Islam aIslam and Science1 aSardar, Ziauddin